அடர்ந்த காடும் ஐந்து தோழர்களும் : யானைகளைத் தேடி ஒரு சாகசப் பயணம்.

Adarntha kadum Iynthu tholarkalum:...
Saved in:
Bibliographic Details
Format: Book
Language:English
Published: கொழும்பு : மாணவர் வௌியீட்டகம், [2025?].
Tags: Add Tag
No Tags, Be the first to tag this record!

MARC

LEADER 00000nam a22000007a 4500
003 LK-CoNLD
005 20260105112055.0
008 260105b xxu||||| |||| 00| 0 eng d
017 |b LK-CoDNA 
020 |a 9786245851539 
040 |a LK-CoNLD  |b TAM  |c LK-CoNLD  |d LK-CoNLD 
245 |6 880-1  |a அடர்ந்த காடும் ஐந்து தோழர்களும் :  |b  யானைகளைத் தேடி ஒரு சாகசப் பயணம்.  
260 |a கொழும்பு :  |b  மாணவர் வௌியீட்டகம்,  |c [2025?]. 
300 |a ப. 32 ; 
880 |6 245-1  |a Adarntha kadum Iynthu tholarkalum:... 
942 |c BOOK 
945 |a 22  |b Logeshwary RAMASAMY  |c 22  |d Logeshwary RAMASAMY 
999 |c 296355  |d 296355